Statistics for Smallest Countries by size

Click here to take the quiz!

General Stats

  • This quiz has been taken 11 times
  • The average score is 11 of 15

Answer Stats

HintAnswer% Correct
capital is
andorra la vella
andorra
100%
leinentcheisten
Heh, my language
liechtenstein
100%
IN EUROPEmonaco
100%
smallestvatican
100%
On malaysiabrunei
91%
in the medditerean
sea
malta
82%
c__r_scyprus
73%
Small arabian
country
bahrain
64%
bsaordabbarbados
64%
place where
the sonic
movie was
taken
san marino
64%
On indonesiasingapore
64%
semlaivdmaldives
45%
st _____st kitts
45%
g e a a. find the
missing ones
grenada
36%
Oceania countrykiribati
36%

Score Distribution

Percentile by Number Answered

Percent of People with Each Score

Your Score History

You have not taken this quiz